01908nam a22002537a 4500003000900000005001700009007000300026008003600029020001800065040003100083082002900114100004400143245011500187264004200302300005100344336002700395337003500422338003000457500007100487505103000558650002301588650001701611650002601628DO-SdBPM20251028141153.0ta210510b2018 dr | 00| 0 spa d a9789945912357 aDO-SdBPMbspa,cBPMSUerda 4aRD862.44bG216e 20182221 aGarcía Guerra Iván eautor d1938 -10aEn torno a la libertad /cIván García Guerra; corrección y cuidado de edición Piero Espinal Estévez. aSanto Domingo :bEditora Opus, c2018 a547 páginas ,bilustraciones, fotos c23 cm atextobtxt2rdacontent asin mediación bn2rdamedia  avolumen bnc2rdacarrier  3Incluyes datos del biográfico autor en la solapa de la cubierta0 a Mi prólogo, 11.-- Doce años de lucha. El hombre de barro, 19.-- Proceso por la sombra de un burro, 53.-- Un héroe más para la mitología, 89.-- Grecia en dominicana. Andrómaca, 163.-- Soberbia, 191.-- Colaborando. Volaremos hacia el sol, 211.-- Romance criollo, 217.-- Alba de Patria, 253.-- Luchando. Carta al tirano, 265.-- Epílogo, 289.-- Retratos de una guerra. Vivir, buena razón, 317.-- Un azul imposible, 379.-- Memorias de abril. Regalo, 401.-- Cada cual lucha a su manera, 409.-- Eres un hombre, hijo, 419.-- ¿Qué tiene de malo?, 427.-- Interferencia, 435.-- Derecho a vivir, 443.-- ¡Las cosas no son así!, 451.-- Más retratos. El muerto dieciocho, 461.-- Padrenuestro, 469.-- Unos tragos lo resuelven todo, 477.-- La esposa de agosto, 485.-- El ayer de un palomo, 493.-- En esos momentos no me podía pasar nada malo, 503.-- ¿Valio la pena?. Trilogía del perenne sacrificio o travesía de un río hacia el olvido, 511.-- Muriendo, 513.-- Remuriendo, 527.-- Quizás nunca vivió, 538. 7aTeatro dominicana  7aDramaturgia. 7aLitertura dominicana